000 00744nam a2200193 a 4500
001 000034883
005 20200930073949.0
008 111021s1981 es 000 0 spa d
040 _aDO-SdBNP
_bspa
_cBNPHU
100 1 _aCambell, Norman
_960440
245 1 3 _aEl descubrimiento y la explicación de las leyes científicas /
_cNorman Cambell : versión española y notas de Ernesto H. Battistella.
260 _aVenezuela :
_bUniversidad Central de Venezuela,
_c1981.
300 _a75 p. ;
_c18 cm.
490 1 _aLas ciencias
_v11
_afilosofía
_v6
590 _aPerteneció a la biblioteca personal de Juan Isidro Jimenes Grullón
700 1 _aBattistella,Ernesto H.
_960441
830 0 _aLas ciencias
_v11
_pfilosofía
_n6
_960442
049 _aBNPD
999 _c34374
_d34374